00475nam a2200145Ia 4500008004100000041000800041082001600049100002100065245002900086250000600115260003800121300000900159999001900168952014200187210716s2018 xx 000 0 und d aeng a374.22 MATM aMathew,Manorama. aManorama year book 2018. a1 aKottayambMalayala Monoramac2018 a1039 c195895d195895 001040708MCAaAIMITbAIMITeSita Book Houseg300.00l3o374.22 MATMpMCA15408r2026-05-23 00:00:00s2024-07-09v255.00w2021-07-16yBK